Pornography: the sexual mirage (Record no. 10692)

MARC details
000 -LEADER
campo de control de longitud fija 00525ntaaa2200205 4500
003 - IDENTIFICADOR DE NÚMERO DE CONTROL
campo de control 01
005 - FECHA Y HORA DE LA ÚLTIMA TRANSACCIÓN
campo de control 20251027201616.0
008 - DATOS DE LONGITUD FIJA--INFORMACIÓN GENERAL
campo de control de longitud fija 0714s1973 ag 01
020 ## - NÚMERO INTERNACIONAL ESTÁNDAR DEL LIBRO
Número Internacional Estándar del Libro 084075051X
040 ## - FUENTE DE CATALOGACIÓN
Centro catalogador/agencia de origen AR-BaBN
Lengua de catalogación spa
Centro/agencia transcriptor AR-BaBN
Normas de descripción aacr
Centro/agencia modificador RIC
082 ## - NÚMERO DE LA CLASIFICACIÓN DECIMAL DEWEY
Número de clasificación 176.8000 D78p
100 ## - ENTRADA PRINCIPAL--NOMBRE DE PERSONA
Nombre de persona Drakeford, John W
245 ## - MENCIÓN DEL TÍTULO
Título Pornography: the sexual mirage
250 ## - MENCION DE EDICION
Mención de edición 1 ed.
260 ## - PUBLICACIÓN, DISTRIBUCIÓN, ETC.
Lugar de publicación, distribución, etc. Nashville :
Nombre del editor, distribuidor, etc. Thomas Nelson,
Fecha de publicación, distribución, etc. c1973
300 ## - DESCRIPCIÓN FÍSICA
Extensión 189 p. ;
Dimensiones il.; 20,5 cm
650 ## - PUNTO DE ACCESO ADICIONAL DE MATERIA--TÉRMINO DE MATERIA
Término de materia o nombre geográfico como elemento de entrada Pornografía
9 (RLIN) 14783
700 ## - ENTRADA AGREGADA--NOMBRE PERSONAL
Nombre de persona Hamm, Jack
9 (RLIN) 14784
942 ## - ELEMENTOS DE ENTRADA SECUNDARIOS (KOHA)
Tipo de ítem Koha Colección General
Holdings
Estatus retirado Estado de pérdida Estado de daño No para préstamo Biblioteca de origen Biblioteca actual Fecha de adquisición Número de inventario Total de préstamos Signatura topográfica completa Código de barras Visto por última vez Precio de reemplazo Tipo de ítem Koha
        Biblioteca Pluis Biblioteca Pluis 27/10/2025 41175   176.8000 D78p 41175 27/10/2025 27/10/2025 Colección General